[Event "VISA Nordic GP Final"]
[Site "Gentofte"]
[Date "1999.08.11"]
[Round "5"]
[White "Akesson, Ralf"]
[Black "Borge, Nikolaj"]
[Result "1-0"]
[WhiteElo "2535"]
[BlackElo "2426"]
[Annotator "Tyomkin,D"]
[PlyCount "61"]
[EventDate "1999.08.05"]
[EventType "tourn"]
[EventRounds "13"]
[EventCountry "DEN"]
[EventCategory "9"]
[SourceTitle "CBM 073"]
[Source "ChessBase"]
[SourceDate "1999.12.01"]
[SourceVersion "1"]
[SourceVersionDate "1999.12.01"]
[SourceQuality "1"]

1. Nf3 f5 2. d4 Nf6 3. g3 g6 4. b3 Bg7 5. Bb2 O-O 6. Bg2 d6 7. O-O Qe8 8. c4
Nc6 9. d5 Nd8 10. Nc3 (10. Nd4 e6 11. dxe6 Nxe6 12. Nxe6 Qxe6 13. Nc3 c6 14.
Qc2 Qe7 15. Rad1 Be6 16. Ba3 Ne8 17. Rd2 Rf7 (17... f4 $5) 18. Rfd1 Qf6 19. Rd3
$14 {1-0 Hertneck,G-Kortchnoi,V/Nuremberg rapid 1990 (40)}) 10... a6 $146 {
10...e5 looks more natural,where black has good chances to get equality.} (
10... e5 11. dxe6 Nxe6 12. Qd2 (12. Qc2 f4 13. Nd5 fxg3 14. hxg3 c6 15. Nxf6+
Bxf6 16. Rad1 Qe7 17. Qd2 Bxb2 18. Qxb2 Nc5 19. Rd4 Bf5 20. Qd2 Rae8 21. Re1 {
1/2-1/2 Bagirov,V-Kalinichev Sergey L/Giessen GER 1993 (21)}) (12. Rb1 f4 13.
Nd5 fxg3 14. hxg3 Qf7 15. Nxf6+ Bxf6 16. Bxf6 Qxf6 17. Qd5 Kg7 18. e4 Nd8 $11 {
Ftacnik,L-Kalinichev,S/Erfurt 1993}) 12... Ne4 13. Qc2 a5 (13... Nxc3 $5 14.
Bxc3 f4) 14. Rad1 Bd7 15. Nd5 Qf7 16. e3 Rae8 $11 {1-0 Adrian,C-Barbero,G/
Montpellier 1987 (44)}) (10... h6 11. Qc2 Qf7 12. e3 Bd7 13. Rad1 c6 14. Nd4
Rc8 15. Qe2 a6 16. Ba1 Kh8 17. Kh1 Re8 18. Qd3 Ng4 19. f3 Nf6 20. e4 $14 {
1-0 Smejkal,J-Kalinichev,S/Porz (9) 1992 (59)}) 11. b4 h6 (11... e5 12. c5 $5 (
12. dxe6 Nxe6 13. Qb3 f4 $132)) 12. Nd4 g5 13. e3 Ng4 14. Nce2 e5 (14... c5 $5
15. dxc6 Nxc6 16. Qb3 Nxd4 17. Nxd4 Kh8 $132 (17... e5 18. Ne2 {[%cal Ge2c3,
Gc3d5]} Nxh2 19. Kxh2 Qh5+ 20. Kg1 Qxe2 21. c5+ $14)) 15. dxe6 c5 (15... c6 16.
Qc2 Nxe6 17. h3 Nxd4 18. Nxd4 Ne5 19. f4 $16 {[%cal Ga1e1]}) 16. bxc5 dxc5 17.
Ba3 {[%mdl 64]} cxd4 $2 {Black took wrong direction in that position:after
simple 17...Nxe6,black has got a good play.} (17... Nxe6 $142 18. Nxe6 Bxe6 19.
Bxc5 (19. Rc1 Rd8 $15) 19... Bxa1 20. Bxf8 Qxf8 (20... Qh5 21. h3 Nxe3 (21...
Rxf8 22. hxg4 Qxg4 23. Bd5 Bxd5 24. Qxd5+ $18 {[%cal Gf2f3]}) 22. fxe3 Rxf8 23.
g4 fxg4 24. Rxf8+ Kxf8 25. Qxa1 gxh3 26. Qf6+ Bf7 27. Nd4 $1 $18 {[%cal Rd4e6]}
Qd1+ 28. Kh2 hxg2 29. Qd8+ $18) 21. Bd5 Qf7 22. Bxe6 Qxe6 23. Qxa1 $14 {/=})
18. e7 dxe3 19. f4 $1 $16 Ne6 20. exf8=Q+ Nxf8 21. Rb1 Qh5 22. h3 Nf2 23. Rxf2
exf2+ 24. Kxf2 {The main problem of black is backwardness in development.} Ne6
25. Qd5 $1 {White pieces are dominating.} (25. Bxb7 $2 Bxb7 26. Rxb7 Rd8 $36
27. Rd7 $140 Bd4+ $1) 25... gxf4 $2 (25... Qf7 26. Bb2 $1 Bxb2 27. Rxb2 $16 {
for example:} gxf4 28. Nxf4 Nxf4 29. gxf4 Qxd5 (29... Be6 30. Qd6 $1 $18 {
[%csl Rb7][%cal Rb2b6]}) 30. Bxd5+ Kg7 31. c5 $18) 26. Nxf4 $18 (26. Rxb7 fxg3+
27. Nxg3 $18) 26... Qf7 27. Re1 Ng5 (27... Bf8 28. Bd6 $1 (28. Bxf8 Nxf4 29.
gxf4 Qxd5 30. Bxd5+ Kxf8 31. Rg1 $18 {[%cal Gg1g6]}) 28... Nxf4 (28... Bxd6 29.
Qxd6 $18) 29. gxf4 $18) 28. Qxf7+ Nxf7 29. Bd5 Bd4+ 30. Kg2 Bd7 31. Bxf7+ {
[%cal Ye1e7]} 1-0

[Event "RUS-chT 05th"]
[Site "Maikop"]
[Date "1998.06.03"]
[Round "1"]
[White "Shipov, Sergei"]
[Black "Malaniuk, Vladimir P"]
[Result "1/2-1/2"]
[WhiteElo "2620"]
[BlackElo "2600"]
[Annotator "Tyomkin,D"]
[PlyCount "74"]
[EventDate "1998.06.03"]
[EventType "team-tourn"]
[EventRounds "11"]
[EventCountry "RUS"]
[SourceTitle "CBM 066"]
[Source "ChessBase"]
[SourceDate "1998.09.30"]
[SourceVersion "1"]
[SourceVersionDate "1998.09.30"]
[SourceQuality "1"]
[WhiteTeam "Moscow Apiko-Yakimanka"]
[BlackTeam "Maykop Universitet"]
[WhiteTeamCountry "RUS"]
[BlackTeamCountry "RUS"]

1. d4 {Meulders} f5 2. g3 Nf6 3. Bg2 g6 4. Nf3 Bg7 5. O-O O-O 6. c4 d6 7. Nc3
Qe8 8. d5 Na6 9. Rb1 Nc5 (9... c5 {Meulders} 10. dxc6 bxc6 11. b4 Bd7 12. a3 {
Belov} Nc7 13. a4 Rb8 14. b5 Ne6 15. e3 $14 {Tunik,G-Galdunts,S/Voskresensk/
1993/ Inf 58/114/}) 10. Be3 $146 {[%cal Ge3d4] The new move in well-known
position.But this move also doesn't achive clear advantage for white. Meulders:
Ein neuer Versuch. Die Alternatieven haben Weiß noch nicht viel eingebracht:} (
10. Nd4 a5 (10... e5 11. dxe6 Nxe6 12. Nxe6 Qxe6 13. Qd3 Re8 14. Nd5 Qf7 15.
Nxf6+ Bxf6 16. b3 Rb8 17. Be3 {1/2-1/2 Adorjan,A-Malaniuk,V/Alushta4 1994}) (
10... Bd7 11. b4 Nce4 12. Bb2 c6 13. Nb3 Qf7 14. Nxe4 Nxe4 15. Bxg7 Qxg7 16.
Rc1 $14 {Tunik,G-Malaniuk,V/St.Petersburg op2 1994/1/2-1/2 (50)}) 11. b3 (11.
Nb3 Nfe4 12. Nb5 (12. Nxe4 Nxe4 13. Nd2 Nc5 14. Nb3 Ne4 15. Nd2 Nc5 {1/2-1/2
Agamaliev,G-Malaniuk,V/MK Cafe op 1997}) 12... Nxb3 13. axb3 Qd8 14. Nd4 Bd7
15. Be3 c6 16. Bxe4 fxe4 17. Qc2 Bxd4 18. Bxd4 Bf5 $11 {Terekhov,A-Vasiukov,E/
Petrov mem 1996/1-0(32)}) 11... Bd7 12. a3 (12. Ba3 c6 13. Bxc5 dxc5 14. Ne6
Bxe6 15. dxe6 Qb8 $1 $11 {[%cal Gb8e5] Mohr,G-Vasiukov,E/Voskresensk 1990/1/
2-1/2 (45)}) 12... Ng4 $6 13. h3 Ne5 14. f4 Nf7 15. Be3 Rb8 16. Bf2 c6 17. b4
axb4 18. axb4 Na6 19. e4 $16 {Hjartarson,J-Graves,P/US-op 1997/1-0(30)}) (10.
Nb5 Qd8 11. Nbd4 Bd7 (11... a5 12. Ng5 Bd7 13. Nh3 Qe8 14. Nf4 c6 15. b3 cxd5 {
1/2-1/2 Malaniuk,V-Vasiukov,E/RUS-Cup2 1996}) 12. Ng5 Qc8 13. Nh3 c6 14. Nf4 e5
15. dxe6 Nxe6 16. Ndxe6 Bxe6 17. b3 Rd8 18. Bb2 Bf7 19. Qc2 Qc7 20. Rbd1 Qe7
$11 {Portisch,L-Malaniuk,V/Moscow olm 1994/1/2-1/2(57)}) (10. b4 Nce4 11. Bb2 (
11. Nb5 Qd8 12. Qb3 a5 13. a3 c6 14. dxc6 bxc6 15. Nbd4 Qe8 16. c5+ Kh8 17. Ng5
$6 a4 18. Qc2 e5 $15 {Skomorokhin,R-Tseshkovsky,V/Novgorod op 1995/0-1 (48)}) (
11. Nxe4 fxe4 12. Ng5 Bf5 13. Bb2 e5 14. dxe6 h6 15. Bxf6 Rxf6 16. Nxe4 Rxe6
17. f3 Bxe4 18. fxe4 Re5 $11 {Yermolinsky,A-Reinderman,D/Koop Tjuchem op 1996/
1/2-1/2(44)}) 11... e5 12. dxe6 Bxe6 13. Nxe4 fxe4 14. Nd2 Bf5 15. e3 Qe6 $11 {
Akopian,V-Vasiukov,E/St.Petersburg op 1994/1-0(39)}) 10... Nfe4 (10... e5 $5
11. dxe6 Bxe6 12. b4 (12. b3 Nfe4 13. Nxe4 Nxe4 14. Qd3 $11) (12. Nd5 {Meulders
} Bxd5 13. cxd5 Nfe4 14. Nd2 {0.25-0.50 1/2-1/2 Alonso,R-Valdes,L/Capablanca
mem-C 1995/EXT 95}) 12... Nce4 13. Nxe4 fxe4 (13... Nxe4) 14. Nd2 Qf7 15. Qc2
$13) 11. Nxe4 Nxe4 {Meulders: Bis zum Ende der Partie steht dieser Springer
wie einFels in der Brandung gegen Bg2. Statt den Bg7 zu beseitigen hätte Weiß
versuchen können den Ne4 zu vertreiben mittels z.B. 12.Nd2} 12. Bd4 (12. Nd2 {
Meulders} Nf6 13. Bd4 e5 14. dxe6 Qxe6 15. e3 c6 16. Qc2 $14) 12... Bxd4 13.
Nxd4 e5 14. dxe6 Bxe6 15. Qc2 Qf7 16. Nxe6 (16. Bxe4 $6 fxe4 17. Qxe4 Bh3) (16.
b3) (16. b3 {Meulders} Rae8 17. Nb5 a6 18. Nc3 Nxc3 19. Qxc3 d5 20. cxd5 Bxd5
21. Bxd5 Qxd5 22. Rfd1 Qf7 $11) 16... Qxe6 17. Rfd1 $14 {/=} a5 18. Rd4 Rae8
19. Rbd1 b6 20. e3 Re7 21. a3 h5 {Actually,that's defensive move.Black king
gets extra squares-h7 and h6.} 22. h4 Qf7 23. b4 axb4 24. axb4 Rfe8 {Black has
no weeknesses and draw is obvious.} 25. Bf3 (25. Ra1 Kh7 {and waiting}) 25...
Re5 26. Kg2 Kh7 27. Ra1 {White takes control over a-file but it doesn't give
anything.The only weekness in black position is pawn-c7 which protected as
well.} Kh6 28. Ra7 R8e7 29. Rd1 Kh7 30. Qd3 Qg7 31. Ra8 Re8 32. Rda1 Rxa8 33.
Rxa8 Re7 34. Qd5 Nf6 35. Qd2 Ne4 36. Qd5 Nf6 37. Qd2 Ne4 1/2-1/2

[Event "MK Cafe Cup-A"]
[Site "Koszalin"]
[Date "1999.08.10"]
[Round "7"]
[White "Teske, Henrik"]
[Black "Koc, Przemyslaw"]
[Result "0-1"]
[WhiteElo "2515"]
[BlackElo "2345"]
[Annotator "Tyomkin,D"]
[PlyCount "90"]
[EventDate "1999.08.03"]
[EventType "swiss"]
[EventRounds "9"]
[EventCountry "POL"]
[SourceTitle "CBM 073"]
[Source "ChessBase"]
[SourceDate "1999.12.01"]
[SourceVersion "1"]
[SourceVersionDate "1999.12.01"]
[SourceQuality "1"]

1. d4 f5 2. Nf3 Nf6 3. c4 g6 4. b3 Bg7 5. Bb2 d6 6. g3 O-O 7. Bg2 Qe8 8. O-O
Na6 9. d5 c5 {Now white has a choice between 10.dxc6-opening the center,or
continuing development by 10.Nc3.In both cases black gets convenient play.} 10.
dxc6 (10. Nc3 h6 (10... Nc7 11. a4 a6 12. Ne1 Rb8 13. a5 b5 14. axb6 Na8 15. b7
Bxb7 16. Nd3 Nc7 17. Qc2 e6 $132 {1/2-1/2 Krivonosov,O-Glek,I/Biel 1993 (42)})
11. Rb1 (11. Ne1 g5 12. Nd3 Qg6 13. Qd2 Bd7 14. f4 Ng4 15. Nf2 Bd4 16. Ncd1 Qh5
17. h3 Nxf2 18. Nxf2 Bxb2 19. Qxb2 gxf4 20. gxf4 Kh7 21. e4 Rg8 $40 {0-1
Tukmakov,V-Malaniuk,V/Lvov 1990 (33)}) 11... g5 (11... Bd7 12. Ne1 g5 13. e4
Qg6 14. Qe2 fxe4 15. Nxe4 Bg4 16. Qe3 Bf5 17. f3 b5 18. Nd3 Rab8 $15 19. Ndf2
$2 bxc4 20. bxc4 Nxd5 21. cxd5 Bxb2 $17 {0-1 Konopka,M-Malaniuk,V/Frunze 1987 
(28)}) 12. e3 Bd7 13. Ne1 Qg6 $11 {1/2-1/2 Schmidt,W-Malaniuk,V/Copenhagen
Unibank 1991 (50)}) 10... bxc6 11. Nc3 Bd7 12. Rc1 $6 $146 {The old move-12.
Rb1,looks better than Rc1.Rook on-b1 protects the bishop and prevents blacks
play on the queenside-Nc5,Rb8,a5-a4.} (12. Rb1 Rc8 13. Ne1 $6 g5 14. e3 f4 $132
{1/2-1/2 Spraggett,K-Marin,M/Andorra ,EXT 1991 (43)}) 12... Rb8 13. Re1 Nc5 14.
e3 a5 15. Ba3 Nfe4 16. Nd4 Nxc3 17. Rxc3 Ne4 18. Rc2 c5 19. Ne2 a4 $15 {
These are consequences of whites unaccurate play in the opening-black has
control over the center and developes initiative on the queenside.} 20. Qd3
axb3 21. axb3 Bc6 22. h4 Qd8 {[%csl Rb3][%cal Gd8a5]} 23. Bb2 Bxb2 24. Rxb2 Qa5
25. Reb1 Rb6 26. Nf4 {[%cal Gf4d5]} Qa8 27. h5 {It was good idea to get rid of
weakness-b3 by:} (27. b4 $142 Rxb4 28. Rxb4 cxb4 29. Rxb4 Qa2 30. Qe2 {and the
game is about draw.}) 27... g5 28. Nd5 $2 {White could change this knight
better way:} (28. Ne6 Rf6 29. Nc7 Qb7 30. Nd5 Bxd5 31. cxd5 Rb4 32. Rc2 g4 33.
Rc4 Nd2 $1 $15) 28... Bxd5 29. cxd5 Rb4 30. Rc2 (30. Bxe4 fxe4 31. Qd1 Rf3 32.
Ra1 Qe8 {[%csl Rh5]}) 30... g4 31. Rc4 $2 {losing material,but it is not easy
to give white a good advice in that position.} Qa2 $19 32. Rf1 (32. Qc2 Qxc2
33. Rxc2 Rfb8 {winning b-pawn.}) (32. Bxe4 fxe4 33. Qc2 (33. Qxe4 Qxf2+ 34. Kh1
Qxg3 $19) 33... Qxc2 34. Rxc2 Rf5 $19 {[%csl Rb3,Rd5,Rh5]}) 32... Rxb3 33. Qd1
Nc3 34. Qe1 Qe2 $2 (34... Ne2+ $142 35. Kh2 Rb7 {trapping Rc4.}) 35. Qxe2 Nxe2+
36. Kh2 Rfb8 37. e4 R8b4 38. Rxb4 cxb4 39. exf5 Nc3 40. Re1 Kf7 41. Re6 Rb2 42.
f6 Re2 $1 {transforming the game to the easily won ending-N against B.} 43.
Rxe2 Nxe2 44. fxe7 h6 45. Bf1 Nc1 0-1

[Event "Tan Chin Nam Cup 3rd "]
[Site "Beijing"]
[Date "1997.??.??"]
[Round "5"]
[White "Pigusov, Evgeny"]
[Black "Zhang, Zhong"]
[Result "1/2-1/2"]
[WhiteElo "2560"]
[BlackElo "2475"]
[Annotator "Tyomkin,D"]
[PlyCount "84"]
[EventDate "1997.08.11"]
[EventType "tourn"]
[EventRounds "11"]
[EventCountry "CHN"]
[EventCategory "12"]
[SourceTitle "CBM 061"]
[Source "ChessBase"]
[SourceDate "1997.11.23"]
[SourceVersion "1"]
[SourceVersionDate "1997.11.23"]
[SourceQuality "1"]

1. Nf3 f5 2. c4 Nf6 3. g3 g6 4. Bg2 Bg7 5. O-O O-O 6. d4 d6 7. Nc3 Qe8 8. Re1
Qf7 9. b3 (9. Qd3 $5 h6 10. b3 Nc6 11. Ba3 Ne4 12. Rad1 $13 {[%cal Rc3e4]} (12.
Nxe4 $2 fxe4 13. Qxe4 Nxd4 {[%csl Rf2]})) 9... Ne4 10. Bb2 Nc6 11. Rc1 e5 (
11... h6 {Tyomkin,D} 12. Rf1 (12. d5 Nb4 13. Nd4 c5 (13... Nxc3 14. Rxc3 Nxa2
15. Re3 Nb4 16. Qd2 Na6 17. Ne6 Bxb2 18. Nxf8 Ba3 19. Ne6 Bb4 20. Qc1 Bxe1 21.
Qxe1 Bd7 22. b4 c6 $15) 14. dxc6 Nxc6 15. e3 Bd7 16. Nxe4 fxe4 17. Rf1 Bf5 18.
g4 Bd7 19. Bxe4 Kh7 20. h3 Nxd4 21. Bxd4 Bc6 22. Bxc6 {1/2-1/2 Filippov,
V-Vyzmanavin,A/RUS-ch m1-2 Elista 1997/CBM 59/[Meulders] Das Remis ist ein
merkwürdiger Entschluß; 22...bxc6 23.f4 ist doch leicht +/-, oder?}) 12... Nxc3
13. Bxc3 e5 14. d5 Ne7 15. Nd2 (15. b4 $5) 15... a5 16. e4 b6 17. exf5 Bxf5 (
17... gxf5 18. f4) 18. Ne4 Kh7 19. Qe2 Ng8 20. Rce1 $14 {Gavrikov,V-Malaniuk,V/
URS-ch53 Kiev 1986/URS-ch/1/2-1/2(29)}) (11... a5 {Tyomkin,D} 12. e3 e6 13. Qe2
{[%cal Rc3e4,Gf3g5,Ye2f2]} d5 14. Nb5 a4 15. cxd5 exd5 16. Ne5 Bxe5 17. dxe5
axb3 18. axb3 Qe7 19. f3 $14 {[%csl Rd5] 1/2-1/2 Sapi,L-Vasiukov,E/Stary
Smokovec 1988/EXT 88}) (11... Nxc3 $6 {Tyomkin,D} 12. Bxc3 e5 $2 13. dxe5 dxe5
14. Qd5 $1 {[%cal Rf3e5,Rf3g5]} e4 (14... Be6 15. Qb5 {[%csl Rb7,Re5][%cal
Rf3g5]}) 15. Ng5 Qxd5 16. cxd5 Ne5 17. f4 $18 exf3 18. exf3 {1-0 Lesiege,
A-Ross,D/Quebeck op 1994/EXT 94op}) 12. d5 Nxc3 13. Bxc3 Nb8 $146 {[%csl Re5]
[%cal Gb8d7,Gd7c5,Ge5e4,Gd7e5,Gb8a6]} (13... Ne7 14. Ng5 Qe8 (14... Qf6 15. f4
h6 16. Nf3 $16) 15. b4 {Tyomkin,D} (15. f4 $1 {Dolmatov} h6 (15... e4 16. Bxg7
Kxg7 17. Qd4+ Kg8 18. c5 h6 19. Nh3 Qf7 20. Red1 Bd7 21. Nf2 $14) 16. Nf3 e4
17. Bxg7 Kxg7 18. Qd4+ Kh7 19. Nd2 Qf7 20. Nf1 g5 (20... Bd7 21. Ne3 g5 22. c5
$40) (20... a5 21. Ne3 b6 22. g4 Bd7 $14) 21. fxg5 $1 (21. Ne3 gxf4 22. gxf4
Ng6 23. Rf1 b6 $132) 21... hxg5 22. g4 {Filippov,V-Vyzmanavin,A/Novgorod op
1995/1/2-1/2 (75)}) 15... h6 16. Ne6 Bxe6 17. dxe6 Qc8 18. e4 Qxe6 19. exf5
Qxf5 20. f4 Rae8 21. fxe5 dxe5 22. Qe2 (22. Bxb7 Qf2+ (22... c6 $5) 23. Kh1
Qxa2 24. Qe2 Qb3) 22... c6 23. Rcd1 Rd8 24. Rxd8 {1/2-1/2 Lukacs,P-Hoang Thang
Trang/Budapest FS04 GM 1996/EXP 52}) 14. c5 (14. Ng5 Qe7 15. Ne6 Bxe6 16. dxe6
c6) (14. Nd2 f4 $132) 14... Na6 15. b4 (15. cxd6 $5 cxd6 16. Ng5 Qe7 17. Ne6
Bxe6 18. dxe6 Nc5 19. Qd5 {[%csl Rd6,Ge6][%cal Rc1d1,Re1d1,Rd1d2]} Rad8 (19...
Nxe6 20. Qxb7 Qxb7 21. Bxb7 Rab8 22. Bd5 $14) 20. Red1 b6 {[%csl Re6]} 21. Bb4
$132) 15... e4 {After the 15...e4 the strategy of white should be some how to
manage to play f3 and then afterwards f4 and transfer the knight to d4. Black
should try to deny this plan.} 16. Ng5 Qe7 17. Bxg7 Kxg7 (17... Qxg7 18. cxd6
cxd6 19. Qd2 $16 {[%csl Ra6,Rd6][%cal Gg5e6] <->c}) 18. Qd4+ Kg8 19. h4 h6 20.
Nh3 $14 {[%cal Gh3f4]} dxc5 21. bxc5 Qg7 22. Qxg7+ (22. Qd2 $14) 22... Kxg7 23.
f3 $6 (23. Nf4 $5) (23. d6 $5) 23... b6 (23... Nb4 24. Red1 $1 (24. d6 Nxa2 25.
Rc2 (25. Rc4 Be6 $15) 25... Nb4 26. Rb2 Na6 27. Nf4) 24... Nxa2 25. Rc4 exf3
26. Bxf3 Rf6 27. Ra1 Ra6 28. Nf4 g5 29. Nd3 $32) 24. cxb6 (24. fxe4 fxe4 25.
Nf2 Nxc5 (25... e3 $5 26. Nd3 Rb8 $11 27. c6 $5 Bf5 28. d6 cxd6 29. c7 Rbc8 30.
Bb7 Nxc7 $44) 26. Nxe4 Na6 $8 (26... Nxe4 $2 27. Rxc7+) 27. Nc3 $14 {[%cal
Re2e4]}) 24... axb6 25. fxe4 (25. Rc2 Nc5 26. Rec1 Rd8 27. fxe4 fxe4 28. Nf4
Ra3 $132) 25... fxe4 26. Nf2 Bf5 (26... e3 $5 27. Nd3 Bf5 28. d6 (28. Rc3 Rae8
$15) 28... Ra7 $15) 27. Bxe4 (27. Nxe4 Bxe4 28. Bxe4 Nc5 29. Bb1 Ra3 30. Kg2
Re3 $36) 27... Nc5 28. Bxf5 Rxf5 29. Nd3 (29. e4 $5 Rf3 30. Kg2 Rfa3 $11 (30...
Raa3 $5)) 29... Rxd5 30. Nxc5 bxc5 31. Red1 (31. Rc2 $5) 31... Rxd1+ 32. Rxd1
Kf6 (32... Rxa2 33. Rd7+ Kf6 34. Rxc7 Rc2 35. Kf2 $11) 33. Rd7 Ra7 34. Kf2 Ke5
35. Ke1 c4 (35... Rxa2 36. Rxc7 Kd4 37. Rc6 $11) 36. Rg7 Ra6 37. Rxc7 Kd4 38.
g4 Rxa2 39. Rc6 c3 40. Kd1 Rd2+ (40... Ra1+ 41. Kc2 Ra2+ $11) 41. Kc1 Rxe2 42.
Rxg6 $11 Rg2 1/2-1/2